Strategic management consulting in Hungary

Odhad miery poradenstva v oblasti strategického riadenia v Maďarsku. Hlavné trendy a problémy v oblasti poradenstva.

Gespeichert in:
Bibliographische Detailangaben
1. Verfasser: Schmuck, Roland
Format: Buchkapitel
Sprache:Englisch
Schlagworte:
Tags: Tag hinzufügen
Keine Tags, Fügen Sie das erste Tag hinzu!

MARC

LEADER 00000naa a2200000 4500
001 0269100
005 20201009092738.7
041 0 |a eng 
044 |a RS 
245 1 0 |a Strategic management consulting in Hungary  |c Roland Schmuck 
520 |a Odhad miery poradenstva v oblasti strategického riadenia v Maďarsku. Hlavné trendy a problémy v oblasti poradenstva. 
610 2 0 |a riadenie strategické 
610 2 0 |a poradenstvo 
610 2 0 |a služby konzultačné 
610 2 0 |a plánovanie strategické 
100 1 |a Schmuck, Roland